How Unbelievably Lucky are You? - Statistics

General Stats
  • This quiz has been taken 1,618 times
  • The average score is 10 of 20
Answer Stats
Question Tile Select % Correct
How Lucky will you be? Pick me! Yes
54%
How Lucky will you be? Pick me! Yes
52%
How Lucky will you be? Pick me! Yes
52%
How Lucky will you be? Pick me! Yes
52%
How Lucky will you be? Pick me! Yes
51%
How Lucky will you be? Pick me! No
51%
How Lucky will you be? Pick me! No
51%
How Lucky will you be? Pick me! No
51%
How Lucky will you be? Pick me! No
51%
How Lucky will you be? Pick me! No
51%
How Lucky will you be? Pick me! Yes
50%
How Lucky will you be? Pick me! Yes
50%
How Lucky will you be? Pick me! Yes
50%
How Lucky will you be? Pick me! No
50%
How Lucky will you be? Pick me! Yes
50%
How Lucky will you be? Pick me! No
50%
How Lucky will you be? Pick me! No
49%
How Lucky will you be? Pick me! Yes
48%
How Lucky will you be? Pick me! No
48%
How Lucky will you be? Pick me! No
48%
No matching quizzes found
Score Distribution
Percent of People with Each Score
Percentile by Number Answered
Your Score History
You have not taken this quiz